| 000 | 00308nam a22001097a 4500 | ||
|---|---|---|---|
| 082 | _a621.3192 MAG'J | ||
| 100 |
_aJOHN WILEY _959137 |
||
| 245 | _aMAGNETIC CIRCUITS AND TRANSFORMERS A FIRST COURSE FOR POWER AND COMMUNICATION ENGINEERS | ||
| 260 |
_aNEWYORK _bJOHN WILEY _c1943 |
||
| 300 | _a718P | ||
| 942 | _cBK | ||
| 999 |
_c569186 _d569186 |
||